<?xml version="1.0" encoding="UTF-8"?>
<collection xmlns="http://www.loc.gov/MARC21/slim">
    <record>
        <controlfield tag="001">90037</controlfield>
        <controlfield tag="005">20200717113343.0</controlfield>
        <datafield tag="037" ind1=" " ind2=" ">
            <subfield code="a">TAZ-TFG-2020-644</subfield>
        </datafield>
        <datafield tag="041" ind1=" " ind2=" ">
            <subfield code="a">spa</subfield>
        </datafield>
        <datafield tag="100" ind1="1" ind2=" ">
            <subfield code="a">Legarre de Miguel, Esther</subfield>
        </datafield>
        <datafield tag="242" ind1="0" ind2="0">
            <subfield code="a">Physiotherapy intervention after surgery of Bennett's fracture-dislocation: Based on a clinical case</subfield>
        </datafield>
        <datafield tag="245" ind1="0" ind2="0">
            <subfield code="a">Intervención de fisioterapia tras cirugía de una fractura-luxación de Bennett: a propósito de un caso clínico</subfield>
        </datafield>
        <datafield tag="260" ind1=" " ind2=" ">
            <subfield code="a">Zaragoza</subfield>
            <subfield code="b">Universidad de Zaragoza</subfield>
            <subfield code="c">2020</subfield>
        </datafield>
        <datafield tag="506" ind1=" " ind2=" ">
            <subfield code="a">by-nc-sa</subfield>
            <subfield code="b">Creative Commons</subfield>
            <subfield code="c">3.0</subfield>
            <subfield code="u">http://creativecommons.org/licenses/by-nc-sa/3.0/</subfield>
        </datafield>
        <datafield tag="520" ind1=" " ind2=" ">
            <subfield code="a">Introducción: La fractura-luxación de Bennett representa 1/3 de todas las fracturas del primer metacarpiano. Estas fracturas deben ser adecuadamente reducidas e intervenidas quirúrgicamente para asegurar su estabilidad y pronóstico funcional. Tras la cirugía se debe realizar una intervención fisioterápica lo más precoz posible, con el objetivo de conseguir una recuperación rápida y funcional, y evitar la aparición de complicaciones. &lt;br />Objetivos: Diseñar y aplicar un plan de intervención fisioterápico para la rehabilitación y tratamiento de un paciente con una fractura-luxación de Bennett intervenida quirúrgicamente.&lt;br />Metodología: Se utilizó un diseño experimental para un caso único (n=1) de tipo AB. Se realizó una evaluación inicial y final de las variables dependientes dolor, inflamación, rango de movimiento, juego articular, longitud muscular, fuerza muscular, alteraciones intramusculares, alteraciones subcutáneas, sensibilidad y funcionalidad. El tratamiento fisioterápico, la variable independiente, se aplicó utilizando las siguientes técnicas: electroterapia, terapia manual, estiramientos, inhibición por presión, masoterapia, fibrolisis diacutánea, ejercicio terapéutico, vibroterapia, terapia de texturas y neurodinámica. &lt;br />Resultados: La Escala visual analógica disminuyó 4 puntos durante el movimiento, el rango de movimiento y el juego articular recuperaron sus valores normales excepto en la articulación metacarpofalángica I, la repetición máxima aumentó 6,7 Kg para los flexores de muñeca y 6,4 para los extensores de muñeca, hubo una mejora de la sensibilidad y todas las pruebas funcionales presentaron mejoras significativas. &lt;br />Conclusiones: El plan de intervención fisioterápico resultó eficaz ya que se mejoraron o reestablecieron los parámetros de normalidad en todas las variables dependientes medidas.&lt;br /></subfield>
        </datafield>
        <datafield tag="521" ind1=" " ind2=" ">
            <subfield code="a">Graduado en Fisioterapia</subfield>
        </datafield>
        <datafield tag="540" ind1=" " ind2=" ">
            <subfield code="a">Derechos regulados por licencia Creative Commons</subfield>
        </datafield>
        <datafield tag="700" ind1=" " ind2=" ">
            <subfield code="a">Villaroya Aparicio, María Adoración</subfield>
            <subfield code="e">dir.</subfield>
        </datafield>
        <datafield tag="700" ind1=" " ind2=" ">
            <subfield code="a">Fanlo Mazas, Pablo</subfield>
            <subfield code="e">dir.</subfield>
        </datafield>
        <datafield tag="710" ind1="2" ind2=" ">
            <subfield code="a">Universidad de Zaragoza</subfield>
            <subfield code="b">Fisiatría y Enfermería</subfield>
            <subfield code="c">Fisioterapia</subfield>
        </datafield>
        <datafield tag="856" ind1="0" ind2=" ">
            <subfield code="f">740427@unizar.es</subfield>
        </datafield>
        <datafield tag="856" ind1="4" ind2=" ">
            <subfield code="s">873112</subfield>
            <subfield code="u">http://zaguan.unizar.es/record/90037/files/TAZ-TFG-2020-644.pdf</subfield>
            <subfield code="y">Memoria (spa)</subfield>
        </datafield>
        <datafield tag="909" ind1="C" ind2="O">
            <subfield code="o">oai:zaguan.unizar.es:90037</subfield>
            <subfield code="p">driver</subfield>
            <subfield code="p">trabajos-fin-grado</subfield>
        </datafield>
        <datafield tag="950" ind1=" " ind2=" ">
            <subfield code="a"></subfield>
        </datafield>
        <datafield tag="951" ind1=" " ind2=" ">
            <subfield code="a">deposita:2020-07-17</subfield>
        </datafield>
        <datafield tag="980" ind1=" " ind2=" ">
            <subfield code="a">TAZ</subfield>
            <subfield code="b">TFG</subfield>
            <subfield code="c">EUCS</subfield>
        </datafield>
        <datafield tag="999" ind1=" " ind2=" ">
            <subfield code="a">20200521115033.CREATION_DATE</subfield>
        </datafield>
    </record>

    
</collection>